|
|
|
|
| LEADER |
00000cam a2200000 7i4500 |
| 001 |
0000079015 |
| 005 |
20220105104304.0 |
| 008 |
180315 |
| 020 |
|
|
|a 9789672083009
|
| 041 |
0 |
|
|a Malay
|
| 090 |
0 |
0 |
|a JP
|b NS MAL
|
| 110 |
1 |
|
|a Perbadanan Perpustakaan Awam Johor
|
| 245 |
0 |
0 |
|a Lagu kanak-kanak
|
| 260 |
|
|
|a Johor Bahru :
|b Perbadanan Perpustakaan Awam Johor ,
|c [s.n]
|
| 300 |
|
|
|a 16 p. :
|b Col.ill. ;
|c 26 cm.
|
| 500 |
|
|
|a Children age 4-6 years old (yellow)
|
| 541 |
0 |
0 |
|c Donation books
|
| 650 |
|
0 |
|a Nursery and rhymes, Malay
|
| 650 |
|
0 |
|a Songs
|x Juvenile literature
|
| 999 |
|
|
|a 0001510527
|b Book
|c Children Collection
|e Perbadanan Perpustakaan Awam Johor
|
| 999 |
|
|
|a 0001510528
|b Book
|c Children Collection
|e Perbadanan Perpustakaan Awam Johor
|
| 999 |
|
|
|a 0001510529
|b Book
|c Children Collection
|e Perbadanan Perpustakaan Awam Johor
|
| 999 |
|
|
|a 0001510530
|b Book
|c Children Collection
|e Perbadanan Perpustakaan Awam Johor
|
| 999 |
|
|
|a 0001510531
|b Book
|c Children Collection
|e Perbadanan Perpustakaan Awam Johor
|
| 999 |
|
|
|a 0001510532
|b Book
|c Children Collection
|e Perbadanan Perpustakaan Awam Johor
|
| 999 |
|
|
|a 0001510533
|b Book
|c Children Collection
|e Perbadanan Perpustakaan Awam Johor
|
| 999 |
|
|
|a 0001510534
|b Book
|c Children Collection
|e Perbadanan Perpustakaan Awam Johor
|
| 999 |
|
|
|a 0001510535
|b Book
|c Children Collection
|e Perbadanan Perpustakaan Awam Johor
|
| 999 |
|
|
|a 0001510536
|b Book
|c Children Collection
|e Perbadanan Perpustakaan Awam Johor
|
| 999 |
|
|
|a 0001510537
|b Book
|c Children Collection
|e Perbadanan Perpustakaan Awam Johor
|
| 999 |
|
|
|a 0001510538
|b Book
|c Children Collection
|e Perbadanan Perpustakaan Awam Johor
|
| 999 |
|
|
|a 0001510539
|b Book
|c Children Collection
|e Perbadanan Perpustakaan Awam Johor
|
| 999 |
|
|
|a 0001510540
|b Book
|c Children Collection
|e Perbadanan Perpustakaan Awam Johor
|
| 999 |
|
|
|a 0001510541
|b Book
|c Children Collection
|e Perbadanan Perpustakaan Awam Johor
|
| 999 |
|
|
|a 0001510542
|b Book
|c Children Collection
|e Perbadanan Perpustakaan Awam Johor
|
| 999 |
|
|
|a 0001510543
|b Book
|c Children Collection
|e Perbadanan Perpustakaan Awam Johor
|
| 999 |
|
|
|a 0001510544
|b Book
|c Children Collection
|e Perbadanan Perpustakaan Awam Johor
|
| 999 |
|
|
|a 0001510545
|b Book
|c Children Collection
|e Perbadanan Perpustakaan Awam Johor
|
| 999 |
|
|
|a 0001510546
|b Book
|c Children Collection
|e Perbadanan Perpustakaan Awam Johor
|
| 999 |
|
|
|a 0001512141
|b Book
|c Children Collection
|e Cawangan Bandar Tenggara
|
| 999 |
|
|
|a 0001512143
|b Book
|c Children Collection
|e Cawangan Bandar Tenggara
|
| 999 |
|
|
|a 0001512144
|b Book
|c Children Collection
|e Cawangan Bandar Tenggara
|
| 999 |
|
|
|a 0001512145
|b Book
|c Children Collection
|e Cawangan Bandar Tenggara
|
| 999 |
|
|
|a 0001512147
|b Book
|c Children Collection
|e Cawangan Bandar Tenggara
|
| 999 |
|
|
|a 0001512149
|b Book
|c Children Collection
|e Cawangan Bandar Tenggara
|
| 999 |
|
|
|a 0001512150
|b Book
|c Children Collection
|e Cawangan Bandar Tenggara
|
| 999 |
|
|
|a 0001512152
|b Book
|c Children Collection
|e Cawangan Bandar Tenggara
|
| 999 |
|
|
|a 0001512153
|b Book
|c Children Collection
|e Cawangan Bandar Tenggara
|
| 999 |
|
|
|a 0001512156
|b Book
|c Children Collection
|e Cawangan Bandar Tenggara
|
| 999 |
|
|
|a 0001512157
|b Book
|c Children Collection
|e Cawangan Bandar Tenggara
|
| 999 |
|
|
|a 0001512158
|b Book
|c Children Collection
|e Cawangan Bandar Tenggara
|
| 999 |
|
|
|a 0001512160
|b Book
|c Children Collection
|e Cawangan Bandar Tenggara
|
| 999 |
|
|
|a 0001512181
|b Book
|c Children Collection
|e Cawangan Batu Pahat
|
| 999 |
|
|
|a 0001512182
|b Book
|c Children Collection
|e Cawangan Batu Pahat
|
| 999 |
|
|
|a 0001512183
|b Book
|c Children Collection
|e Cawangan Batu Pahat
|
| 999 |
|
|
|a 0001512184
|b Book
|c Children Collection
|e Cawangan Batu Pahat
|
| 999 |
|
|
|a 0001512185
|b Book
|c Children Collection
|e Cawangan Batu Pahat
|
| 999 |
|
|
|a 0001512186
|b Book
|c Children Collection
|e Cawangan Batu Pahat
|
| 999 |
|
|
|a 0001512187
|b Book
|c Children Collection
|e Cawangan Batu Pahat
|
| 999 |
|
|
|a 0001512188
|b Book
|c Children Collection
|e Cawangan Batu Pahat
|
| 999 |
|
|
|a 0001512189
|b Book
|c Children Collection
|e Cawangan Batu Pahat
|
| 999 |
|
|
|a 0001512190
|b Book
|c Children Collection
|e Cawangan Batu Pahat
|
| 999 |
|
|
|a 0001512191
|b Book
|c Children Collection
|e Cawangan Batu Pahat
|
| 999 |
|
|
|a 0001512192
|b Book
|c Children Collection
|e Cawangan Batu Pahat
|
| 999 |
|
|
|a 0001512193
|b Book
|c Children Collection
|e Cawangan Batu Pahat
|
| 999 |
|
|
|a 0001512194
|b Book
|c Children Collection
|e Cawangan Batu Pahat
|
| 999 |
|
|
|a 0001512195
|b Book
|c Children Collection
|e Cawangan Batu Pahat
|
| 999 |
|
|
|a 0001512196
|b Book
|c Children Collection
|e Cawangan Batu Pahat
|
| 999 |
|
|
|a 0001512197
|b Book
|c Children Collection
|e Cawangan Batu Pahat
|
| 999 |
|
|
|a 0001512198
|b Book
|c Children Collection
|e Cawangan Batu Pahat
|
| 999 |
|
|
|a 0001512199
|b Book
|c Children Collection
|e Cawangan Batu Pahat
|
| 999 |
|
|
|a 0001512200
|b Book
|c Children Collection
|e Cawangan Batu Pahat
|
| 999 |
|
|
|a 0001512202
|b Book
|c Children Collection
|e Cawangan Muar
|
| 999 |
|
|
|a 0001512207
|b Book
|c Children Collection
|e Cawangan Muar
|
| 999 |
|
|
|a 0001512217
|b Book
|c Children Collection
|e Cawangan Muar
|
| 999 |
|
|
|a 0001512221
|b Book
|c Children Collection
|e Cawangan Tangkak
|
| 999 |
|
|
|a 0001512222
|b Book
|c Children Collection
|e Cawangan Tangkak
|
| 999 |
|
|
|a 0001512223
|b Book
|c Children Collection
|e Cawangan Tangkak
|
| 999 |
|
|
|a 0001512224
|b Book
|c Children Collection
|e Cawangan Tangkak
|
| 999 |
|
|
|a 0001512225
|b Book
|c Children Collection
|e Cawangan Tangkak
|
| 999 |
|
|
|a 0001512226
|b Book
|c Children Collection
|e Cawangan Tangkak
|
| 999 |
|
|
|a 0001512227
|b Book
|c Children Collection
|e Cawangan Tangkak
|
| 999 |
|
|
|a 0001512228
|b Book
|c Children Collection
|e Cawangan Tangkak
|
| 999 |
|
|
|a 0001512229
|b Book
|c Children Collection
|e Cawangan Tangkak
|
| 999 |
|
|
|a 0001512230
|b Book
|c Children Collection
|e Cawangan Tangkak
|
| 999 |
|
|
|a 0001512231
|b Book
|c Children Collection
|e Cawangan Tangkak
|
| 999 |
|
|
|a 0001512232
|b Book
|c Children Collection
|e Cawangan Tangkak
|
| 999 |
|
|
|a 0001512233
|b Book
|c Children Collection
|e Cawangan Tangkak
|
| 999 |
|
|
|a 0001512234
|b Book
|c Children Collection
|e Cawangan Tangkak
|
| 999 |
|
|
|a 0001512235
|b Book
|c Children Collection
|e Cawangan Tangkak
|
| 999 |
|
|
|a 0001512236
|b Book
|c Children Collection
|e Cawangan Tangkak
|
| 999 |
|
|
|a 0001512237
|b Book
|c Children Collection
|e Cawangan Tangkak
|
| 999 |
|
|
|a 0001512238
|b Book
|c Children Collection
|e Cawangan Tangkak
|
| 999 |
|
|
|a 0001512239
|b Book
|c Children Collection
|e Cawangan Tangkak
|
| 999 |
|
|
|a 0001512240
|b Book
|c Children Collection
|e Cawangan Tangkak
|
| 999 |
|
|
|a 0001512241
|b Book
|c Children Collection
|e Cawangan Bukit Gambir
|
| 999 |
|
|
|a 0001512242
|b Book
|c Children Collection
|e Cawangan Bukit Gambir
|
| 999 |
|
|
|a 0001512243
|b Book
|c Children Collection
|e Cawangan Bukit Gambir
|
| 999 |
|
|
|a 0001512244
|b Book
|c Children Collection
|e Cawangan Bukit Gambir
|
| 999 |
|
|
|a 0001512245
|b Book
|c Children Collection
|e Cawangan Bukit Gambir
|
| 999 |
|
|
|a 0001512246
|b Book
|c Children Collection
|e Cawangan Bukit Gambir
|
| 999 |
|
|
|a 0001512247
|b Book
|c Children Collection
|e Cawangan Bukit Gambir
|
| 999 |
|
|
|a 0001512248
|b Book
|c Children Collection
|e Cawangan Bukit Gambir
|
| 999 |
|
|
|a 0001512249
|b Book
|c Children Collection
|e Cawangan Bukit Gambir
|
| 999 |
|
|
|a 0001512250
|b Book
|c Children Collection
|e Cawangan Bukit Gambir
|
| 999 |
|
|
|a 0001512251
|b Book
|c Children Collection
|e Cawangan Bukit Gambir
|
| 999 |
|
|
|a 0001512252
|b Book
|c Children Collection
|e Cawangan Bukit Gambir
|
| 999 |
|
|
|a 0001512253
|b Book
|c Children Collection
|e Cawangan Bukit Gambir
|
| 999 |
|
|
|a 0001512254
|b Book
|c Children Collection
|e Cawangan Bukit Gambir
|
| 999 |
|
|
|a 0001512255
|b Book
|c Children Collection
|e Cawangan Bukit Gambir
|
| 999 |
|
|
|a 0001512256
|b Book
|c Children Collection
|e Cawangan Bukit Gambir
|
| 999 |
|
|
|a 0001512257
|b Book
|c Children Collection
|e Cawangan Bukit Gambir
|
| 999 |
|
|
|a 0001512258
|b Book
|c Children Collection
|e Cawangan Bukit Gambir
|
| 999 |
|
|
|a 0001512259
|b Book
|c Children Collection
|e Cawangan Bukit Gambir
|
| 999 |
|
|
|a 000151225
|b Book
|c Children Collection
|e Cawangan Bukit Gambir
|
| 999 |
|
|
|a 0001512260
|b Book
|c Children Collection
|e Cawangan Bukit Gambir
|
| 999 |
|
|
|a 0001512261
|b Book
|c Children Collection
|e Cawangan Segamat
|
| 999 |
|
|
|a 0001512262
|b Book
|c Children Collection
|e Cawangan Segamat
|
| 999 |
|
|
|a 0001512263
|b Book
|c Children Collection
|e Cawangan Segamat
|
| 999 |
|
|
|a 0001512264
|b Book
|c Children Collection
|e Cawangan Segamat
|
| 999 |
|
|
|a 0001512265
|b Book
|c Children Collection
|e Cawangan Segamat
|
| 999 |
|
|
|a 0001512266
|b Book
|c Children Collection
|e Cawangan Segamat
|
| 999 |
|
|
|a 0001512267
|b Book
|c Children Collection
|e Cawangan Segamat
|
| 999 |
|
|
|a 0001512268
|b Book
|c Children Collection
|e Cawangan Segamat
|
| 999 |
|
|
|a 0001512269
|b Book
|c Children Collection
|e Cawangan Segamat
|
| 999 |
|
|
|a 0001512270
|b Book
|c Children Collection
|e Cawangan Segamat
|
| 999 |
|
|
|a 0001512271
|b Book
|c Children Collection
|e Cawangan Segamat
|
| 999 |
|
|
|a 0001512272
|b Book
|c Children Collection
|e Cawangan Segamat
|
| 999 |
|
|
|a 0001512273
|b Book
|c Children Collection
|e Cawangan Segamat
|
| 999 |
|
|
|a 0001512274
|b Book
|c Children Collection
|e Cawangan Segamat
|
| 999 |
|
|
|a 0001512275
|b Book
|c Children Collection
|e Cawangan Segamat
|
| 999 |
|
|
|a 0001512276
|b Book
|c Children Collection
|e Cawangan Segamat
|
| 999 |
|
|
|a 0001512277
|b Book
|c Children Collection
|e Cawangan Segamat
|
| 999 |
|
|
|a 0001512278
|b Book
|c Children Collection
|e Cawangan Segamat
|
| 999 |
|
|
|a 0001512279
|b Book
|c Children Collection
|e Cawangan Segamat
|
| 999 |
|
|
|a 0001512280
|b Book
|c Children Collection
|e Cawangan Segamat
|
| 999 |
|
|
|a 0001512281
|b Book
|c Children Collection
|e Cawangan Sri Merlong
|
| 999 |
|
|
|a 0001512282
|b Book
|c Children Collection
|e Cawangan Sri Merlong
|
| 999 |
|
|
|a 0001512283
|b Book
|c Children Collection
|e Cawangan Sri Merlong
|
| 999 |
|
|
|a 0001512284
|b Book
|c Children Collection
|e Cawangan Sri Merlong
|
| 999 |
|
|
|a 0001512285
|b Book
|c Children Collection
|e Cawangan Sri Merlong
|
| 999 |
|
|
|a 0001512286
|b Book
|c Children Collection
|e Cawangan Sri Merlong
|
| 999 |
|
|
|a 0001512287
|b Book
|c Children Collection
|e Cawangan Sri Merlong
|
| 999 |
|
|
|a 0001512288
|b Book
|c Children Collection
|e Cawangan Sri Merlong
|
| 999 |
|
|
|a 0001512289
|b Book
|c Children Collection
|e Cawangan Sri Merlong
|
| 999 |
|
|
|a 0001512290
|b Book
|c Children Collection
|e Cawangan Sri Merlong
|
| 999 |
|
|
|a 0001512291
|b Book
|c Children Collection
|e Cawangan Sri Merlong
|
| 999 |
|
|
|a 0001512292
|b Book
|c Children Collection
|e Cawangan Sri Merlong
|
| 999 |
|
|
|a 0001512293
|b Book
|c Children Collection
|e Cawangan Sri Merlong
|
| 999 |
|
|
|a 0001512294
|b Book
|c Children Collection
|e Cawangan Sri Merlong
|
| 999 |
|
|
|a 0001512295
|b Book
|c Children Collection
|e Cawangan Sri Merlong
|
| 999 |
|
|
|a 0001512296
|b Book
|c Children Collection
|e Cawangan Sri Merlong
|
| 999 |
|
|
|a 0001512297
|b Book
|c Children Collection
|e Cawangan Sri Merlong
|
| 999 |
|
|
|a 0001512298
|b Book
|c Children Collection
|e Cawangan Sri Merlong
|
| 999 |
|
|
|a 0001512299
|b Book
|c Children Collection
|e Cawangan Sri Merlong
|
| 999 |
|
|
|a 0001512300
|b Book
|c Children Collection
|e Cawangan Sri Merlong
|
| 999 |
|
|
|a 0001512301
|b Book
|c Children Collection
|e Cawangan Pontian
|
| 999 |
|
|
|a 0001512302
|b Book
|c Children Collection
|e Cawangan Pontian
|
| 999 |
|
|
|a 0001512303
|b Book
|c Children Collection
|e Cawangan Pontian
|
| 999 |
|
|
|a 0001512304
|b Book
|c Children Collection
|e Cawangan Pontian
|
| 999 |
|
|
|a 0001512305
|b Book
|c Children Collection
|e Cawangan Pontian
|
| 999 |
|
|
|a 0001512306
|b Book
|c Children Collection
|e Cawangan Pontian
|
| 999 |
|
|
|a 0001512307
|b Book
|c Children Collection
|e Cawangan Pontian
|
| 999 |
|
|
|a 0001512308
|b Book
|c Children Collection
|e Cawangan Pontian
|
| 999 |
|
|
|a 0001512309
|b Book
|c Children Collection
|e Cawangan Pontian
|
| 999 |
|
|
|a 0001512310
|b Book
|c Children Collection
|e Cawangan Pontian
|
| 999 |
|
|
|a 0001512312
|b Book
|c Children Collection
|e Cawangan Pontian
|
| 999 |
|
|
|a 0001512313
|b Book
|c Children Collection
|e Cawangan Pontian
|
| 999 |
|
|
|a 0001512316
|b Book
|c Children Collection
|e Cawangan Pontian
|
| 999 |
|
|
|a 0001512317
|b Book
|c Children Collection
|e Cawangan Pontian
|
| 999 |
|
|
|a 0001512318
|b Book
|c Children Collection
|e Cawangan Pontian
|
| 999 |
|
|
|a 0001512320
|b Book
|c Children Collection
|e Cawangan Pontian
|
| 999 |
|
|
|a 0001512321
|b Book
|c Children Collection
|e Cawangan Taman Universiti
|
| 999 |
|
|
|a 0001512322
|b Book
|c Children Collection
|e Cawangan Taman Universiti
|
| 999 |
|
|
|a 0001512323
|b Book
|c Children Collection
|e Cawangan Taman Universiti
|
| 999 |
|
|
|a 0001512324
|b Book
|c Children Collection
|e Cawangan Taman Universiti
|
| 999 |
|
|
|a 0001512325
|b Book
|c Children Collection
|e Cawangan Taman Universiti
|
| 999 |
|
|
|a 0001512326
|b Book
|c Children Collection
|e Cawangan Taman Universiti
|
| 999 |
|
|
|a 0001512327
|b Book
|c Children Collection
|e Cawangan Taman Universiti
|
| 999 |
|
|
|a 0001512328
|b Book
|c Children Collection
|e Cawangan Taman Universiti
|
| 999 |
|
|
|a 0001512329
|b Book
|c Children Collection
|e Cawangan Taman Universiti
|
| 999 |
|
|
|a 0001512330
|b Book
|c Children Collection
|e Cawangan Taman Universiti
|
| 999 |
|
|
|a 0001512332
|b Book
|c Children Collection
|e Cawangan Taman Universiti
|
| 999 |
|
|
|a 0001512333
|b Book
|c Children Collection
|e Cawangan Taman Universiti
|
| 999 |
|
|
|a 0001512334
|b Book
|c Children Collection
|e Cawangan Taman Universiti
|
| 999 |
|
|
|a 0001512335
|b Book
|c Children Collection
|e Cawangan Taman Universiti
|
| 999 |
|
|
|a 0001512336
|b Book
|c Children Collection
|e Cawangan Taman Universiti
|
| 999 |
|
|
|a 0001512337
|b Book
|c Children Collection
|e Cawangan Taman Universiti
|
| 999 |
|
|
|a 0001512338
|b Book
|c Children Collection
|e Cawangan Taman Universiti
|
| 999 |
|
|
|a 0001512339
|b Book
|c Children Collection
|e Cawangan Taman Universiti
|
| 999 |
|
|
|a 0001512340
|b Book
|c Children Collection
|e Cawangan Taman Universiti
|
| 999 |
|
|
|a 0001512341
|b Book
|c Children Collection
|e Cawangan Tmn. Ungku Tun Aminah
|
| 999 |
|
|
|a 0001512342
|b Book
|c Children Collection
|e Cawangan Tmn. Ungku Tun Aminah
|
| 999 |
|
|
|a 0001512343
|b Book
|c Children Collection
|e Cawangan Tmn. Ungku Tun Aminah
|
| 999 |
|
|
|a 0001512344
|b Book
|c Children Collection
|e Cawangan Tmn. Ungku Tun Aminah
|
| 999 |
|
|
|a 0001512345
|b Book
|c Children Collection
|e Cawangan Tmn. Ungku Tun Aminah
|
| 999 |
|
|
|a 0001512346
|b Book
|c Children Collection
|e Cawangan Tmn. Ungku Tun Aminah
|
| 999 |
|
|
|a 0001512347
|b Book
|c Children Collection
|e Cawangan Tmn. Ungku Tun Aminah
|
| 999 |
|
|
|a 0001512348
|b Book
|c Children Collection
|e Cawangan Tmn. Ungku Tun Aminah
|
| 999 |
|
|
|a 0001512349
|b Book
|c Children Collection
|e Cawangan Tmn. Ungku Tun Aminah
|
| 999 |
|
|
|a 0001512350
|b Book
|c Children Collection
|e Cawangan Tmn. Ungku Tun Aminah
|
| 999 |
|
|
|a 0001512351
|b Book
|c Children Collection
|e Cawangan Tmn. Ungku Tun Aminah
|
| 999 |
|
|
|a 0001512352
|b Book
|c Children Collection
|e Cawangan Tmn. Ungku Tun Aminah
|
| 999 |
|
|
|a 0001512353
|b Book
|c Children Collection
|e Cawangan Tmn. Ungku Tun Aminah
|
| 999 |
|
|
|a 0001512354
|b Book
|c Children Collection
|e Cawangan Tmn. Ungku Tun Aminah
|
| 999 |
|
|
|a 0001512355
|b Book
|c Children Collection
|e Cawangan Tmn. Ungku Tun Aminah
|
| 999 |
|
|
|a 0001512356
|b Book
|c Children Collection
|e Cawangan Tmn. Ungku Tun Aminah
|
| 999 |
|
|
|a 0001512357
|b Book
|c Children Collection
|e Cawangan Tmn. Ungku Tun Aminah
|
| 999 |
|
|
|a 0001512358
|b Book
|c Children Collection
|e Cawangan Tmn. Ungku Tun Aminah
|
| 999 |
|
|
|a 0001512359
|b Book
|c Children Collection
|e Cawangan Tmn. Ungku Tun Aminah
|
| 999 |
|
|
|a 0001512360
|b Book
|c Children Collection
|e Cawangan Tmn. Ungku Tun Aminah
|
| 999 |
|
|
|a 0001512377
|b Book
|c Children Collection
|e Cawangan AEON Kulaijaya
|
| 999 |
|
|
|a 0001512378
|b Book
|c Children Collection
|e Cawangan AEON Kulaijaya
|
| 999 |
|
|
|a 0001512379
|b Book
|c Children Collection
|e Cawangan AEON Kulaijaya
|
| 999 |
|
|
|a 0001512380
|b Book
|c Children Collection
|e Cawangan AEON Kulaijaya
|
| 999 |
|
|
|a 0001512381
|b Book
|c Children Collection
|e Cawangan Urban Transformation Centre
|
| 999 |
|
|
|a 0001512382
|b Book
|c Children Collection
|e Cawangan Urban Transformation Centre
|
| 999 |
|
|
|a 0001512383
|b Book
|c Children Collection
|e Cawangan Urban Transformation Centre
|
| 999 |
|
|
|a 0001512421
|b Book
|c Children Collection
|e Cawangan Taman Sri Lambak
|
| 999 |
|
|
|a 0001512422
|b Book
|c Children Collection
|e Cawangan Taman Sri Lambak
|
| 999 |
|
|
|a 0001512423
|b Book
|c Children Collection
|e Cawangan Taman Sri Lambak
|
| 999 |
|
|
|a 0001512424
|b Book
|c Children Collection
|e Cawangan Taman Sri Lambak
|
| 999 |
|
|
|a 0001512425
|b Book
|c Children Collection
|e Cawangan Taman Sri Lambak
|
| 999 |
|
|
|a 0001512426
|b Book
|c Children Collection
|e Cawangan Taman Sri Lambak
|
| 999 |
|
|
|a 0001512427
|b Book
|c Children Collection
|e Cawangan Taman Sri Lambak
|
| 999 |
|
|
|a 0001512428
|b Book
|c Children Collection
|e Cawangan Taman Sri Lambak
|
| 999 |
|
|
|a 0001512429
|b Book
|c Children Collection
|e Cawangan Taman Sri Lambak
|
| 999 |
|
|
|a 0001512430
|b Book
|c Children Collection
|e Cawangan Taman Sri Lambak
|
| 999 |
|
|
|a 0001512431
|b Book
|c Children Collection
|e Cawangan Taman Sri Lambak
|
| 999 |
|
|
|a 0001512432
|b Book
|c Children Collection
|e Cawangan Taman Sri Lambak
|
| 999 |
|
|
|a 0001512433
|b Book
|c Children Collection
|e Cawangan Taman Sri Lambak
|
| 999 |
|
|
|a 0001512434
|b Book
|c Children Collection
|e Cawangan Taman Sri Lambak
|
| 999 |
|
|
|a 0001512435
|b Book
|c Children Collection
|e Cawangan Taman Sri Lambak
|
| 999 |
|
|
|a 0001512436
|b Book
|c Children Collection
|e Cawangan Taman Sri Lambak
|
| 999 |
|
|
|a 0001512437
|b Book
|c Children Collection
|e Cawangan Taman Sri Lambak
|
| 999 |
|
|
|a 0001512438
|b Book
|c Children Collection
|e Cawangan Taman Sri Lambak
|
| 999 |
|
|
|a 0001512439
|b Book
|c Children Collection
|e Cawangan Taman Sri Lambak
|
| 999 |
|
|
|a 0001512440
|b Book
|c Children Collection
|e Cawangan Taman Sri Lambak
|
| 999 |
|
|
|a 0001515562
|b Book
|c Children Collection
|e Cawangan Mersing
|
| 999 |
|
|
|a 0001515563
|b Book
|c Children Collection
|e Cawangan Mersing
|
| 999 |
|
|
|a 0001515564
|b Book
|c Children Collection
|e Cawangan Mersing
|
| 999 |
|
|
|a 0001515565
|b Book
|c Children Collection
|e Cawangan Mersing
|
| 999 |
|
|
|a 0001515566
|b Book
|c Children Collection
|e Cawangan Mersing
|
| 999 |
|
|
|a 0001515567
|b Book
|c Children Collection
|e Cawangan Mersing
|
| 999 |
|
|
|a 0001515568
|b Book
|c Children Collection
|e Cawangan Mersing
|
| 999 |
|
|
|a 0001515569
|b Book
|c Children Collection
|e Cawangan Mersing
|
| 999 |
|
|
|a 0001515570
|b Book
|c Children Collection
|e Cawangan Mersing
|
| 999 |
|
|
|a 0001515571
|b Book
|c Children Collection
|e Cawangan Mersing
|
| 999 |
|
|
|a 0001515572
|b Book
|c Children Collection
|e Cawangan Mersing
|
| 999 |
|
|
|a 0001515573
|b Book
|c Children Collection
|e Cawangan Mersing
|
| 999 |
|
|
|a 0001515574
|b Book
|c Children Collection
|e Cawangan Mersing
|
| 999 |
|
|
|a 0001515575
|b Book
|c Children Collection
|e Cawangan Mersing
|
| 999 |
|
|
|a 0001515576
|b Book
|c Children Collection
|e Cawangan Mersing
|
| 999 |
|
|
|a 0001515577
|b Book
|c Children Collection
|e Cawangan Mersing
|
| 999 |
|
|
|a 0001515578
|b Book
|c Children Collection
|e Cawangan Mersing
|
| 999 |
|
|
|a 0001515579
|b Book
|c Children Collection
|e Cawangan Mersing
|
| 999 |
|
|
|a 0001515580
|b Book
|c Children Collection
|e Cawangan Mersing
|
| 999 |
|
|
|a 0001515581
|b Book
|c Children Collection
|e Cawangan Mersing
|
| 999 |
|
|
|a 0001515722
|b Book
|c Children Collection
|e Cawangan Bandar Penawar
|
| 999 |
|
|
|a 0001515723
|b Book
|c Children Collection
|e Cawangan Bandar Penawar
|
| 999 |
|
|
|a 0001515724
|b Book
|c Children Collection
|e Cawangan Bandar Penawar
|
| 999 |
|
|
|a 0001515725
|b Book
|c Children Collection
|e Cawangan Bandar Penawar
|
| 999 |
|
|
|a 0001515726
|b Book
|c Children Collection
|e Cawangan Bandar Penawar
|
| 999 |
|
|
|a 0001515727
|b Book
|c Children Collection
|e Cawangan Bandar Penawar
|
| 999 |
|
|
|a 0001515728
|b Book
|c Children Collection
|e Cawangan Bandar Penawar
|
| 999 |
|
|
|a 0001515729
|b Book
|c Children Collection
|e Cawangan Bandar Penawar
|
| 999 |
|
|
|a 0001515730
|b Book
|c Children Collection
|e Cawangan Bandar Penawar
|
| 999 |
|
|
|a 0001515731
|b Book
|c Children Collection
|e Cawangan Bandar Penawar
|
| 999 |
|
|
|a 0001515732
|b Book
|c Children Collection
|e Cawangan Bandar Penawar
|
| 999 |
|
|
|a 0001515733
|b Book
|c Children Collection
|e Cawangan Bandar Penawar
|
| 999 |
|
|
|a 0001515734
|b Book
|c Children Collection
|e Cawangan Bandar Penawar
|
| 999 |
|
|
|a 0001515735
|b Book
|c Children Collection
|e Cawangan Bandar Penawar
|
| 999 |
|
|
|a 0001515736
|b Book
|c Children Collection
|e Cawangan Bandar Penawar
|
| 999 |
|
|
|a 0001515737
|b Book
|c Children Collection
|e Cawangan Bandar Penawar
|
| 999 |
|
|
|a 0001515738
|b Book
|c Children Collection
|e Cawangan Bandar Penawar
|
| 999 |
|
|
|a 0001515739
|b Book
|c Children Collection
|e Cawangan Bandar Penawar
|
| 999 |
|
|
|a 0001515740
|b Book
|c Children Collection
|e Cawangan Bandar Penawar
|
| 999 |
|
|
|a 0001515741
|b Book
|c Children Collection
|e Cawangan Bandar Penawar
|